000 00403cam a2200169 4500
001 D12234
008 090401t1886 xxu||||| |||| 00| 0 eng d
035 _a(Sirsi) u2193
041 _aeng
100 _aBrickdale, Charles Fortescue
245 _aRegistration of title to land
260 _aLondon
_bEdward Stanford
_c1886
350 _a0
520 _aShelf 113
942 _n0
948 _c04/03/1997
999 _c85737
_d85737